00871cam a2200277 a 450000100040000000500170000400800410002102000230006202000270008504000180011205000250013008200120015510000340016724500500020124600110025126000390026230000570030149000280035850500060038652001010039252100180049352100160051165000190052765000140054670000330056048220230428115630.0970306s1997 nyua a 000 1 eng  a0679887059 (trade) a0679987053 (lib. bdg.) aDLCcDLCdDLC00aPZ7.B4483bBfwl 199700a4112211 aBerenstain, Stan,d1923-2005.10aBerenstains' A book /cStan & Jan Berenstain.30aA book aNew York :bBeginner Books,c1997. a15 leaves of plates :bcolor illustrations ;c23 cm.1 aA bright and early book aB aAn army of angry ants march across and around all sorts of items that begin with the letter "a." a100 bLexile aBbRaz-Plus 1aAntsxFiction. 1aAlphabet.1 aBerenstain, Jan,d1923-2012.